Les métamorphoses

Guardat en:
Dades bibliogràfiques
Autor principal: Apuleyo, Lucio (Autor)
Format: Llibre
Idioma:francès
llatí
Publicat: París Les Belles Lettres 1958
Edició:3a. ed
Col·lecció:Collection des Universités de France
Matèries:
Etiquetes: Afegir etiqueta
Sense etiquetes, Sigues el primer a etiquetar aquest registre!

MARC

LEADER 00000nam a2200000 a 4500
001 UCM7064
003 CL-VaPUC
008 021129e19580000FR |||||||||||||||||fre|d
041 0 7 |a fre  |2 CL-VaPUC 
041 0 7 |a lat  |2 CL-VaPUC 
082 0 4 |a 873  |b APU  |2 21 
100 0 |a Apuleyo, Lucio  |e author  |9 472792 
245 1 4 |a Les métamorphoses 
250 |a 3a. ed 
300 |a 3 v 
942 |c BK 
945 |d 20021129 00:00:00  |a cmena 
260 |a París  |b Les Belles Lettres  |c 1958 
500 |a v.2: Livres IV-VI 
650 7 |a NOVELAS LATINAS  |2 CL-VaPUC  |9 265085 
650 0 |a Literatura latina   |9 258055 
583 |a last modification  |c 20021129 00:00:00  |k Rodrigo Vera 
490 0 |a Collection des Universités de France 
999 |c 302099  |d 302097 
952 |0 0  |1 0  |4 0  |6 873_000000000000000_APU_1958  |7 0  |8 DER_ROM  |9 362135  |a BIBDER  |b BIBDER  |d 2019-11-21  |h v.2  |i 386491K  |l 1  |o 873 APU 1958  |p 386491K  |r 2023-01-25  |s 2020-03-16  |w 2019-11-21  |x Ubicación 4to piso  |y BK  |z Este recurso debe solicitarse con anticipación  |k DER